বিধিবদ্ধ ইসলামী আইন / (Record no. 6152)
[ view plain ]
| 000 -LEADER | |
|---|---|
| fixed length control field | 00830nam a2200241 a 4500 |
| 001 - CONTROL NUMBER | |
| JCCL Control Number | 6152 |
| 003 - CONTROL NUMBER IDENTIFIER | |
| JCCL marc code | BD-JhCC |
| 005 - DATE AND TIME OF LATEST TRANSACTION | |
| control field | 20220907134024.0 |
| 008 - FIXED-LENGTH DATA ELEMENTS--GENERAL INFORMATION | |
| fixed length control field | 180114s1995 b |||| || | 000 0 b d |
| 020 ## - INTERNATIONAL STANDARD BOOK NUMBER | |
| International Standard Book Number | 984060201 |
| 035 ## - SYSTEM CONTROL NUMBER | |
| system control number | (BD-JhCC)6152 |
| 040 ## - CATALOGING SOURCE | |
| Original cataloging agency | BD-JhCC |
| Modifying agency | BD-JhCC |
| 041 ## - LANGUAGE CODE | |
| Language code of Book | eng |
| 082 ## - DEWEY DECIMAL CLASSIFICATION NUMBER | |
| Classification number | 340.59 |
| Author mark and Year | RAH 1995 |
| 100 ## - MAIN ENTRY--PERSONAL NAME | |
| Personal name | রহমান, গাজী শামছুর |
| 245 ## - TITLE STATEMENT | |
| Title | বিধিবদ্ধ ইসলামী আইন / |
| Statement of responsibility, etc | গাজী শামছুর রহমান |
| 260 ## - PUBLICATION, DISTRIBUTION, ETC. (IMPRINT) | |
| Place of publication, distribution, etc | ঢাকা : |
| Name of publisher, distributor, etc | ইসলামিক ফাউন্ডেশন বাংলাদেশ, |
| Date of publication, distribution, etc | 1995 |
| 300 ## - PHYSICAL DESCRIPTION | |
| Pagination | 757 p. : |
| Dimensions | 20 cm. |
| 505 ## - FORMATTED CONTENTS NOTE | |
| Formatted contents note | copy 1- volume 1 (1st part);<br/>copy 2- volume 1 (2nd part);<br/>copy 3- volume 1 (3rd pert) |
| 650 ## - SUBJECT ADDED ENTRY--TOPICAL TERM | |
| Topical term or geographic name as entry element | Islamic Law |
| 942 ## - ADDED ENTRY ELEMENTS (KOHA) | |
| Source of classification or shelving scheme | Dewey Decimal Classification |
| Koha item type | Books |
| Koha issues (borrowed), all copies | 2 |
| Source of classification or shelving scheme | volume number | Damaged status | Not for loan | Home library | Current library | Shelving location | Date of accession | Cost, normal purchase price | Total Checkouts | Full call number | Barcode | Date last seen | Date checked out | Copy number | Koha item type |
|---|---|---|---|---|---|---|---|---|---|---|---|---|---|---|---|
| Dewey Decimal Classification | V-1 | JCC Rouf Library | JCC Rouf Library | General Stacks | 05/20/2024 | 255.00 | 2 | 340.59 RAH 1995 | 499 | 05/20/2024 | 09/06/2022 | C - 1 | Books | ||
| Dewey Decimal Classification | V-1 | JCC Rouf Library | JCC Rouf Library | General Stacks | 245.00 | 340.59 RAH 1995 | 498 | 01/14/2018 | C - 1 | Books | |||||
| Dewey Decimal Classification | V-3 | JCC Rouf Library | JCC Rouf Library | General Stacks | 272.00 | 340.59 RAH 1995 | 500 | 01/14/2018 | C - 1 | Books |